| 000 | 00971nam a2200265 i 4500 | ||
|---|---|---|---|
| 001 | 105926 | ||
| 003 | ES-MaACL | ||
| 005 | 20250926063057.0 | ||
| 007 | t| | ||
| 008 | 060913s1962 mx ||||1| spa d | ||
| 080 | _a1 Marx, Karl | ||
| 100 | 1 |
_aFromm, Erich, _d1900-1980 _952729 |
|
| 245 | 1 | 0 |
_aMarx y su concepto del hombre / _cpor Erich Fromm ; traducción de Julieta Campos. |
| 250 | _a1ª ed. en español. | ||
| 260 |
_aMéxico : _bFondo de Cultura Económica, _c1962. |
||
| 300 |
_a272 p. ; _c17 cm. |
||
| 490 | 1 |
_aBreviarios del Fondo de Cultura Económica ; _v166 |
|
| 505 | 8 | _aContiene: Karl Marx: manuscritos económico-filosóficos | |
| 600 | 1 | 4 |
_aMarx, Karl, _d1818-1883 _978590 |
| 700 | 1 |
_aMarx, Karl, _d1818-1883 _978590 |
|
| 700 | 1 |
_aCampos, Julieta, _d1932-2007 _9234944 |
|
| 830 | 1 |
_aBreviarios del Fondo de Cultura Económica ; _v166 _9179682 |
|
| 852 | 4 |
_aES-MaACL _jAND-951 _z- Biblioteca Juan Andrade |
|
| 999 |
_c105926 _d105926 |
||